Totems to turquoise : Native north American jewelry arts of the northwest and southwest

Bibliographic Details
Format: Book
Published: New York : Incorporated , 2004
Subjects:

MARC

LEADER 00000cam a2200000 7i4500
001 0000016970
005 20080506.0
008 080506
020 |a 0810955938 
090 0 0 |a 391.7   |b TOT 
245 1 0 |a Totems to turquoise :   |b Native north American jewelry arts of the northwest and southwest 
260 |a New York :   |b Incorporated ,   |c 2004 
650 0 |a Jewellery   |x Customs & fashion 
999 |a 0001013890   |b Book   |c REFERENCE   |e Perbadanan Perpustakaan Awam Johor